00742 2200253 4500001002100000005001500021035002000036007000300056008004100059040001700100100002400117245008900141300004500230020002200275041000800297082001000305084001600315260002900331850001000360250001200370650002800382700006300410990001500473INLIS00000000000372720260528092050 a0010-0721000082ta260528 0  aSBPUPADbind0 aPotter, Patricia A.1 aFundamental of Nursing: Fundamental Keperawatan edisi 7 Buku 3 /cPatricia A. Potter axxxii, 754, I-4 hlm. :billus. ;c26 cm. a978-602-8570-13-8 bind a610.7 a610.7 POT f a--Jakarta :bSagung Seto aPUPAD a--ed. 7 4afundamental keperawatan apenerjemah: Diah Nur Fitriani; Onny Tampubolon; Farah Diba a389/B/2013